[Event "Litomysl 2007"]
[Site "?"]
[Date "2007.12.30"]
[Round "7.44"]
[White "Zeman, Arnost"]
[Black "Sipek, Michal"]
[Result "0-1"]
[WhiteElo "2069"]
[BlackElo "1919"]
[PlyCount "64"]
[EventDate "2007.12.26"]

1. d4 c5 2. e3 Nf6 3. Nf3 g6 4. Bd3 Bg7 5. Nbd2 d6 6. c3 O-O 7. O-O Nbd7 8. e4
Qc7 9. Re1 e5 10. d5 Nh5 11. c4 Nf4 12. Bf1 f5 13. g3 Nh5 14. exf5 gxf5 15. Ng5
Ndf6 16. Be2 Bh6 17. Nf1 Bxg5 18. Bxg5 Qf7 19. Bd2 Qg6 20. Ne3 f4 21. Ng2 Bh3
22. Nh4 Qg5 23. Nf3 Qg7 24. Kh1 Ne4 25. Qc2 Nxf2+ 26. Kg1 fxg3 27. Ng5 Bf5 28.
Qb3 Ne4 29. Nxe4 Bxe4 30. h3 Nf4 31. Bg4 Bf5 32. Bxf4 exf4 0-1

[Event "Litomysl 2007"]
[Site "?"]
[Date "2007.12.30"]
[Round "7.46"]
[White "Kulas, Szymon"]
[Black "Sirota, Sergej"]
[Result "1/2-1/2"]
[WhiteElo "1835"]
[BlackElo "2044"]
[PlyCount "56"]
[EventDate "2007.12.26"]

1. e4 c6 2. d4 d5 3. Nc3 dxe4 4. Nxe4 Bf5 5. Ng3 Bg6 6. Nf3 Nd7 7. h4 h6 8. h5
Bh7 9. Bd3 Bxd3 10. Qxd3 Ngf6 11. Bd2 e6 12. O-O-O Be7 13. Ne4 Nxe4 14. Qxe4
Nf6 15. Qe2 Qd5 16. c4 Qe4 17. Qxe4 Nxe4 18. Be3 O-O 19. Ne5 Rfd8 20. Rhe1 Rac8
21. Re2 Nf6 22. g4 Bd6 23. f3 c5 24. b3 b6 25. Bf2 cxd4 26. Bxd4 Bxe5 27. Bxe5
Nd5 28. Kb2 Nb4 1/2-1/2

[Event "Litomysl 2007"]
[Site "?"]
[Date "2007.12.31"]
[Round "8.1"]
[White "Cernousek, Lukas"]
[Black "Kanovsky, David"]
[Result "0-1"]
[WhiteElo "2405"]
[BlackElo "2396"]
[PlyCount "80"]
[EventDate "2007.12.26"]

1. d4 Nf6 2. c4 c5 3. d5 e6 4. Nc3 exd5 5. cxd5 d6 6. g3 g6 7. Bg2 Bg7 8. Nf3
O-O 9. O-O a6 10. a4 Nbd7 11. Nd2 Re8 12. h3 Rb8 13. Nc4 Nb6 14. Na3 Bd7 15. e4
Nc8 16. Qd3 Qc7 17. Be3 Na7 18. Nc4 b5 19. axb5 Nxb5 20. Bd2 Nxc3 21. Bxc3 Bb5
22. f4 Nd7 23. e5 dxe5 24. d6 Qd8 25. Bd5 e4 26. Bxf7+ Kf8 27. Qd5 Bxc3 28.
bxc3 Nf6 29. Qxc5 Kxf7 30. Ne5+ Kg8 31. c4 Bd7 32. Rxa6 Rb3 33. g4 Nxg4 34.
hxg4 Rg3+ 35. Kf2 Qh4 36. Qd5+ Be6 37. Qxe6+ Rxe6 38. Ra8+ Kg7 39. Ra7+ Kf8 40.
Rf7+ Kg8 0-1

[Event "Litomysl 2007"]
[Site "?"]
[Date "2007.12.31"]
[Round "8.2"]
[White "Petr, Martin"]
[Black "Zawadzka, Jolanta"]
[Result "1-0"]
[WhiteElo "2440"]
[BlackElo "2371"]
[PlyCount "47"]
[EventDate "2007.12.26"]

1. e4 c5 2. Nf3 d6 3. c3 Nf6 4. Bd3 Nc6 5. Bc2 Bg4 6. d3 e6 7. Nbd2 d5 8. Qe2
Be7 9. h3 Bh5 10. Nf1 Qc7 11. Ng3 Bg6 12. O-O Bd6 13. Bg5 Bxg3 14. fxg3 dxe4
15. dxe4 Nh5 16. Qe3 Nxg3 17. Rfe1 Nh5 18. Qxc5 Nf4 19. Bxf4 Qxf4 20. Ba4 Rc8
21. Rad1 a6 22. c4 Bxe4 23. Qd4 O-O 24. Qxe4 1-0

[Event "Litomysl 2007"]
[Site "?"]
[Date "2007.12.31"]
[Round "8.3"]
[White "Manik, Mikulas"]
[Black "Stachowiak, Kamil"]
[Result "1-0"]
[WhiteElo "2420"]
[BlackElo "2307"]
[PlyCount "73"]
[EventDate "2007.12.26"]

1. e4 c5 2. Nf3 e6 3. d4 cxd4 4. Nxd4 a6 5. Nc3 b5 6. Bd3 Qb6 7. Nb3 Qc7 8. Qe2
Bb7 9. O-O d6 10. a4 b4 11. Na2 Nf6 12. Bg5 Nc6 13. c3 bxc3 14. Bxf6 gxf6 15.
Nxc3 h5 16. a5 Bh6 17. f4 Nb4 18. Rac1 Qd7 19. Bb1 Rc8 20. Rcd1 h4 21. Qf2 h3
22. Qb6 hxg2 23. Rf2 e5 24. Qxb4 Bxf4 25. Rxg2 Ke7 26. Rxd6 Qxd6 27. Qxb7+ Kd8
28. Qd5 Ke7 29. Bd3 Qc7 30. Kf1 Rh3 31. Be2 Rxc3 32. bxc3 Qxc3 33. Qd3 Qb4 34.
Qxa6 Rd8 35. Qa7+ Kd6 36. Qxf7 Qxe4 37. Qxf6+ 1-0

[Event "Litomysl 2007"]
[Site "?"]
[Date "2007.12.31"]
[Round "8.4"]
[White "Swicarz, Maciej"]
[Black "Krejci, Jan"]
[Result "1-0"]
[WhiteElo "2265"]
[BlackElo "2397"]
[PlyCount "67"]
[EventDate "2007.12.26"]

1. f4 d5 2. Nf3 Nf6 3. g3 g6 4. Bg2 Bg7 5. O-O O-O 6. d3 c5 7. Qe1 d4 8. a4 Nc6
9. Na3 Be6 10. h3 Re8 11. Qf2 Nd5 12. Rb1 h6 13. Kh2 Rb8 14. Nc4 Ncb4 15. e4
dxe3 16. Nxe3 Qc7 17. Nxd5 Bxd5 18. b3 h5 19. Be3 b6 20. Rbe1 Rbd8 21. Re2 Nc6
22. Rfe1 Nd4 23. Nxd4 cxd4 24. Bc1 e6 25. h4 Bxg2 26. Qxg2 Rc8 27. f5 gxf5 28.
Qf3 Qd6 29. Qxh5 Rc6 30. Rg2 Rec8 31. Ree2 Kf8 32. Qh7 Qe7 33. Bh6 Qf6 34. Qh8+
1-0

[Event "Litomysl 2007"]
[Site "?"]
[Date "2007.12.31"]
[Round "8.5"]
[White "Zeberski, Jakub"]
[Black "Novotny, Michal"]
[Result "1-0"]
[WhiteElo "2411"]
[BlackElo "2278"]
[PlyCount "81"]
[EventDate "2007.12.26"]

1. e4 c5 2. Nf3 d6 3. Bb5+ Bd7 4. Bxd7+ Qxd7 5. c4 g6 6. Nc3 Bg7 7. d4 cxd4 8.
Nxd4 Nc6 9. Nde2 Nf6 10. O-O O-O 11. f3 Rfc8 12. Be3 Qe8 13. b3 Nd7 14. Rb1
Rab8 15. Qd2 a6 16. a4 a5 17. Nd5 b6 18. Rfd1 Nc5 19. Nec3 e6 20. Nf4 Rd8 21.
Nb5 Qf8 22. Ne2 h6 23. Nec3 Kh7 24. Qf2 Rb7 25. Qg3 Rbd7 26. f4 f5 27. Qf3 fxe4
28. Nxe4 d5 29. Nxc5 bxc5 30. cxd5 Rxd5 31. Re1 Qf5 32. Nc7 Rd3 33. Qxc6 Rxe3
34. Nxe6 Rd2 35. Nxg7 Kxg7 36. Rbc1 Qc2 37. Rf1 Qxb3 38. f5 gxf5 39. Rb1 Qf7
40. Rb6 Kf8 41. Qxh6+ 1-0

[Event "Litomysl 2007"]
[Site "?"]
[Date "2007.12.31"]
[Round "8.6"]
[White "Biolek, Richard Jr"]
[Black "Spirin, Oleg"]
[Result "0-1"]
[WhiteElo "2277"]
[BlackElo "2404"]
[PlyCount "94"]
[EventDate "2007.12.26"]

1. e4 c5 2. Nf3 d6 3. d4 cxd4 4. Nxd4 Nf6 5. Nc3 a6 6. Be3 e6 7. g4 h6 8. f4 b5
9. a3 Bb7 10. Bg2 Nbd7 11. Qe2 Rc8 12. O-O Rxc3 13. bxc3 Nxe4 14. c4 bxc4 15.
Qxc4 d5 16. Qe2 Be7 17. Bxe4 dxe4 18. Rab1 Qc7 19. f5 e5 20. Nb3 O-O 21. Na5
Bd5 22. c4 Ba8 23. Nb3 Nf6 24. h3 Rd8 25. Kh2 Rd3 26. Nc1 Rxa3 27. Nb3 a5 28.
Rfd1 a4 29. Nc1 Rc3 30. Na2 Rd3 31. Nb4 Rxd1 32. Qxd1 Qxc4 33. Rc1 Qxb4 34.
Rc8+ Kh7 35. Rxa8 Qc3 36. Qg1 Qc6 37. Ra7 Nd5 38. g5 hxg5 39. Bxg5 Bc5 40. Qc1
Qb5 41. Rxf7 Qe2+ 42. Kh1 Qf3+ 43. Kh2 Bf2 44. Bh4 Bxh4 45. Qg1 Qf2+ 46. Qxf2
Bxf2 47. f6 Nxf6 0-1

[Event "Litomysl 2007"]
[Site "?"]
[Date "2007.12.31"]
[Round "8.7"]
[White "Cerveny, Petr"]
[Black "Kubecka, David"]
[Result "1-0"]
[WhiteElo "2395"]
[BlackElo "2271"]
[PlyCount "69"]
[EventDate "2007.12.26"]

1. e4 Nf6 2. e5 Nd5 3. d4 d6 4. Nf3 g6 5. Bc4 Nb6 6. Bb3 Bg7 7. Ng5 d5 8. f4 h6
9. Nf3 a5 10. c3 Nc6 11. a4 e6 12. O-O Ne7 13. Bc2 Nd7 14. Be3 b6 15. Re1 Ba6
16. Na3 c6 17. b3 Qc7 18. c4 Qb7 19. Bd3 Bf8 20. Bf2 h5 21. Bh4 Nf5 22. Bxf5
gxf5 23. Qd3 Rc8 24. Nb5 Bxb5 25. axb5 c5 26. Rac1 Be7 27. Bf2 Rg8 28. Red1 Rd8
29. cxd5 Qxd5 30. dxc5 Qxd3 31. Rxd3 Bxc5 32. Rcd1 Ke7 33. Nd4 Bxd4 34. Rxd4
Nc5 35. Bh4+ 1-0

[Event "Litomysl 2007"]
[Site "?"]
[Date "2007.12.31"]
[Round "8.11"]
[White "Simacek, Pavel"]
[Black "Neumeier, Klaus"]
[Result "1-0"]
[WhiteElo "2472"]
[BlackElo "2273"]
[PlyCount "81"]
[EventDate "2007.12.26"]

1. e4 e5 2. Nf3 Nc6 3. d4 exd4 4. Nxd4 Nf6 5. Nxc6 bxc6 6. e5 Qe7 7. Qe2 Nd5 8.
c4 Nb6 9. Nc3 Qe6 10. Qe4 g6 11. Bf4 Bg7 12. O-O-O O-O 13. c5 Nd5 14. Nxd5 cxd5
15. Qxd5 Rb8 16. Qxe6 dxe6 17. Bc4 Bb7 18. f3 Bc6 19. Rd4 a5 20. Re1 Rfd8 21.
Rxd8+ Rxd8 22. Rd1 Rb8 23. Kc2 g5 24. Bg3 h5 25. h3 Bb5 26. Bd3 Bc6 27. Bc4 Bb5
28. Rd4 Bf8 29. Bxb5 Rxb5 30. Rc4 Rxc5 31. Rxc5 Bxc5 32. Kd3 Kg7 33. Be1 Bb6
34. a4 h4 35. b4 axb4 36. Bxb4 Kg6 37. a5 Ba7 38. Kc4 Kf5 39. Bc5 Bb8 40. Kb5
Kxe5 41. Kc6 1-0

[Event "Litomysl 2007"]
[Site "?"]
[Date "2007.12.31"]
[Round "8.13"]
[White "Klima, Lukas"]
[Black "Bombek, Peter"]
[Result "1-0"]
[WhiteElo "2422"]
[BlackElo "2209"]
[PlyCount "49"]
[EventDate "2007.12.26"]

1. e4 d5 2. exd5 Qxd5 3. Nc3 Qd6 4. d4 Nf6 5. Nf3 a6 6. g3 Bf5 7. Bg2 Nc6 8.
O-O e6 9. Bf4 Qb4 10. d5 O-O-O 11. Ng5 Bg6 12. a3 Qc5 13. Na4 Qa5 14. c4 b5 15.
Bd2 Qxa4 16. b3 Bc2 17. Qxc2 Nd4 18. bxa4 Nxc2 19. Ra2 Nxa3 20. Nxf7 Bc5 21.
axb5 axb5 22. Nxh8 Rxh8 23. cxb5 Nxd5 24. Bxd5 exd5 25. Bc1 1-0

[Event "Litomysl 2007"]
[Site "?"]
[Date "2007.12.31"]
[Round "8.14"]
[White "Sabol, Marian"]
[Black "Fuchs, Georg"]
[Result "1-0"]
[WhiteElo "2333"]
[BlackElo "2181"]
[PlyCount "75"]
[EventDate "2007.12.26"]

1. d4 Nf6 2. c3 d5 3. Nf3 e6 4. Bf4 Be7 5. h3 O-O 6. e3 c5 7. Bd3 Nc6 8. Nbd2
Qb6 9. Rb1 Ne8 10. O-O Bd6 11. Bxd6 Nxd6 12. Qc2 h6 13. dxc5 Qxc5 14. b4 Qb6
15. b5 Na5 16. Ne5 Qc7 17. Ndf3 Nac4 18. Bxc4 dxc4 19. Qa4 f6 20. b6 Qc5 21.
Nd7 Bxd7 22. Qxd7 axb6 23. Qxe6+ Kh8 24. Nd4 Rfe8 25. Qg4 f5 26. Qg6 Rxa2 27.
Rb5 Qc7 28. Rd5 Nf7 29. Ne6 Rxe6 30. Qxe6 Ng5 31. Qxf5 Ra8 32. Rfd1 Qe7 33. Rd7
Qf6 34. Qxf6 gxf6 35. Rd8+ Rxd8 36. Rxd8+ Kg7 37. Rd7+ Kg6 38. f3 1-0

[Event "Litomysl 2007"]
[Site "?"]
[Date "2007.12.31"]
[Round "8.19"]
[White "Folk, Petr"]
[Black "Degtiarev, Evgeny"]
[Result "1/2-1/2"]
[WhiteElo "2193"]
[BlackElo "2371"]
[PlyCount "63"]
[EventDate "2007.12.26"]

1. e4 c5 2. c3 Nf6 3. e5 Nd5 4. d4 cxd4 5. Nf3 Nc6 6. Bc4 Nb6 7. Bb3 d5 8. exd6
Qxd6 9. Na3 a6 10. O-O e6 11. Qe2 dxc3 12. Rd1 Qb8 13. Qe3 Nd7 14. Qxc3 Nf6 15.
Bg5 Bb4 16. Qe3 b5 17. Rac1 Bd7 18. Bxf6 gxf6 19. Bd5 Ne7 20. Bxa8 Qxa8 21. Qd4
Nd5 22. Nc2 Be7 23. Ne3 Bc6 24. Rxc6 Qxc6 25. Nxd5 Qxd5 26. Qxd5 exd5 27. Rxd5
O-O 28. Nd4 Rc8 29. g3 Kf8 30. Nf5 Rc5 31. Rxc5 Bxc5 32. Kf1 1/2-1/2

[Event "Litomysl 2007"]
[Site "?"]
[Date "2007.12.31"]
[Round "8.22"]
[White "Zakharchenko, Arnold"]
[Black "Medunova, Vera"]
[Result "0-1"]
[WhiteElo "2307"]
[BlackElo "2129"]
[PlyCount "70"]
[EventDate "2007.12.26"]

1. d4 Nf6 2. c4 c5 3. d5 b5 4. cxb5 a6 5. bxa6 Bxa6 6. Nc3 g6 7. g3 d6 8. Bg2
Bg7 9. Nf3 O-O 10. O-O Nbd7 11. Rb1 Qa5 12. Bd2 Ng4 13. Qc2 Rfb8 14. Rfe1 Nge5
15. b3 Nxf3+ 16. Bxf3 Ne5 17. Be4 Bc8 18. a4 f5 19. Bg2 c4 20. b4 Qd8 21. a5
Bd7 22. Na4 Bb5 23. Nb6 Rxb6 24. axb6 Qxb6 25. Bc3 Ra3 26. Ra1 Ng4 27. Rxa3
Qxf2+ 28. Kh1 Ne3 29. Rg1 Nxc2 30. Ra8+ Kf7 31. Bxg7 Kxg7 32. Ra5 Nd4 33. e4 c3
34. exf5 gxf5 35. Raa1 c2 0-1

[Event "Litomysl 2007"]
[Site "?"]
[Date "2007.12.31"]
[Round "8.23"]
[White "Svoboda, Vaclav"]
[Black "Ganaus, Hannes"]
[Result "1/2-1/2"]
[WhiteElo "2190"]
[BlackElo "2294"]
[PlyCount "47"]
[EventDate "2007.12.26"]

1. e4 c6 2. d4 d5 3. Nd2 h6 4. Ngf3 Nf6 5. e5 Nh5 6. h3 g6 7. Nb3 a5 8. a4 b6
9. Be3 Ng7 10. g4 Ba6 11. Bxa6 Nxa6 12. Qd2 Ne6 13. Rd1 h5 14. Rg1 hxg4 15.
hxg4 Qd7 16. Nc1 Nac7 17. Ne2 Rh3 18. Ng5 Qc8 19. Kf1 Bg7 20. Kg2 Rh8 21. Rh1
Kd7 22. Rxh8 Bxh8 23. b3 Bg7 24. Nc1 1/2-1/2

[Event "Litomysl 2007"]
[Site "?"]
[Date "2007.12.31"]
[Round "8.25"]
[White "Bebel, Arkadiusz"]
[Black "Vrana, Jan"]
[Result "1-0"]
[WhiteElo "2153"]
[BlackElo "2248"]
[PlyCount "67"]
[EventDate "2007.12.26"]

1. e4 e5 2. Nc3 Nf6 3. g3 Bc5 4. Bg2 Nc6 5. Nge2 O-O 6. O-O a6 7. d3 d6 8. h3
b5 9. Be3 Bxe3 10. fxe3 Ne7 11. g4 Bb7 12. Ng3 d5 13. exd5 Nfxd5 14. Qe1 Rb8
15. Nce4 Nb6 16. h4 Nec8 17. h5 h6 18. g5 hxg5 19. Nxg5 Bxg2 20. Kxg2 Nd5 21.
Nf3 Nd6 22. Rh1 Qf6 23. h6 g6 24. Ne4 Nxe4 25. dxe4 Ne7 26. Qg3 Nc6 27. Raf1
Qe7 28. Rf2 Rbd8 29. Rhf1 Rd6 30. Nh4 Kh7 31. Nf5 Qd7 32. Nxd6 cxd6 33. Rf6 Qe7
34. Qg5 1-0

[Event "Litomysl 2007"]
[Site "?"]
[Date "2007.12.31"]
[Round "8.26"]
[White "Pekar, Vaclav"]
[Black "Salama, Omar"]
[Result "1-0"]
[WhiteElo "1947"]
[BlackElo "2232"]
[PlyCount "105"]
[EventDate "2007.12.26"]

1. e4 c5 2. d3 Nc6 3. f4 e6 4. Nf3 d5 5. Nbd2 Nf6 6. e5 Nd7 7. g3 Be7 8. Bg2
O-O 9. O-O b5 10. c3 b4 11. c4 Nb6 12. Qe2 Qc7 13. Rd1 Bb7 14. Nf1 Rad8 15. Be3
Ba6 16. N1d2 dxc4 17. dxc4 Nd4 18. Bxd4 cxd4 19. b3 Nd5 20. Qd3 Ne3 21. Re1
Nxg2 22. Kxg2 Bb7 23. Ne4 Rd7 24. Rad1 Rfd8 25. h3 Bc6 26. Kh2 Qb7 27. Nfg5 g6
28. Nf2 Kg7 29. Nge4 h5 30. c5 Bxe4 31. Nxe4 Qd5 32. Rc1 Rc8 33. Rc4 a5 34.
Rec1 h4 35. Nd6 hxg3+ 36. Kxg3 Bxd6 37. cxd6 Rh8 38. Rxd4 Qa8 39. Rdc4 Qd8 40.
Kh2 Qh4 41. Qg3 Qh5 42. Qd3 Qh4 43. Kg2 Rh5 44. Qg3 Qd8 45. Rc8 Qb6 46. Qf2
Qb7+ 47. Qf3 Qb6 48. Qa8 Rh7 49. Rg8+ Kh6 50. Qf8+ Kh5 51. Rh8 f5 52. Qf6 Kh6
53. Qh4+ 1-0

[Event "Litomysl 2007"]
[Site "?"]
[Date "2007.12.31"]
[Round "8.30"]
[White "Bujnoch, Radek"]
[Black "Lushnikov, Evgeny"]
[Result "0-1"]
[WhiteElo "2251"]
[BlackElo "1822"]
[PlyCount "78"]
[EventDate "2007.12.26"]

1. e4 c5 2. Nf3 Nc6 3. d4 cxd4 4. Nxd4 Nf6 5. Nc3 e5 6. Ndb5 d6 7. Bg5 a6 8.
Na3 b5 9. Bxf6 gxf6 10. Nd5 Bg7 11. Bd3 Ne7 12. Nxe7 Qxe7 13. O-O f5 14. c4
fxe4 15. Bxe4 Rb8 16. cxb5 axb5 17. Qd3 Bd7 18. Rfd1 Rb6 19. Nc2 Qg5 20. Ne3
Be6 21. a4 bxa4 22. Rxa4 O-O 23. Bxh7+ Kh8 24. Bf5 Rb3 25. Qe4 Rxe3 26. Qh4+
Bh6 27. Bxe6 Rd3 28. Bb3 Rxb3 29. Qxg5 Bxg5 30. Rxd6 Rxb2 31. h4 Be7 32. Rd5
Rc8 33. g3 Bc5 34. Kg2 Bxf2 35. Kf3 Rc3+ 36. Kg4 Rxg3+ 37. Kh5 Rb6 38. Ra8+ Kh7
39. Rd6 Rg5+ 0-1

[Event "Litomysl 2007"]
[Site "?"]
[Date "2007.12.31"]
[Round "8.34"]
[White "Bartosova, Lucie"]
[Black "Fuchs, Judith"]
[Result "1/2-1/2"]
[WhiteElo "1758"]
[BlackElo "2140"]
[PlyCount "73"]
[EventDate "2007.12.26"]

1. e4 c6 2. d4 d5 3. exd5 cxd5 4. c3 Nc6 5. Bf4 Bf5 6. Nf3 Nf6 7. Be2 e6 8.
Nbd2 Bd6 9. Bg5 O-O 10. Nh4 Bg6 11. Nxg6 hxg6 12. O-O a6 13. a4 Rb8 14. h4 b5
15. axb5 axb5 16. b4 Qc7 17. Bxf6 gxf6 18. Nb3 Kg7 19. Qd3 Rh8 20. g3 Rhd8 21.
Rfc1 Be7 22. Kg2 Rh8 23. Na5 Rb6 24. Qd2 Na7 25. Nb3 Nc6 26. Nc5 Rd8 27. Ra3 e5
28. Rca1 e4 29. Ra6 Rdb8 30. Rxb6 Rxb6 31. Qa2 Qd6 32. Bd1 Bd8 33. Bb3 Ne7 34.
Qa7 f5 35. Nb7 Qd7 36. Nc5 Qd6 37. Nb7 1/2-1/2

[Event "Litomysl 2007"]
[Site "?"]
[Date "2007.12.31"]
[Round "8.39"]
[White "Van Nieuwenhuizen, Hans"]
[Black "Borik, Juraj"]
[Result "1/2-1/2"]
[WhiteElo "1974"]
[BlackElo "2220"]
[PlyCount "71"]
[EventDate "2007.12.26"]

1. d4 Nf6 2. c4 e5 3. dxe5 Ng4 4. e4 Nxe5 5. f4 Ng6 6. Nf3 Bc5 7. Bd3 O-O 8. a3
a5 9. Qe2 b5 10. Nc3 bxc4 11. Bxc4 Ra6 12. Be3 Rc6 13. Bd5 Ba6 14. Qf2 Nxf4 15.
O-O-O Bxe3+ 16. Qxe3 Rxc3+ 17. bxc3 Qf6 18. Rd2 d6 19. g4 Nd7 20. g5 Nxd5 21.
Rxd5 Qe6 22. Nd4 Qe8 23. Rxa5 Nc5 24. Rg1 Qb8 25. Rxc5 dxc5 26. Nf5 Qb3 27.
Qxc5 Rb8 28. Kd2 Qb2+ 29. Ke3 Qe2+ 30. Kf4 Qxh2+ 31. Rg3 Qd2+ 32. Kg4 Be2+ 33.
Kh4 Bf1 34. Kg4 Be2+ 35. Kh4 Bf1 36. Kg4 1/2-1/2

[Event "Litomysl 2007"]
[Site "?"]
[Date "2007.12.31"]
[Round "8.41"]
[White "Gruber, Michael"]
[Black "Kolasin, Jan"]
[Result "1/2-1/2"]
[WhiteElo "2141"]
[BlackElo "1951"]
[PlyCount "36"]
[EventDate "2007.12.26"]

1. e4 e5 2. f4 exf4 3. Bc4 Nf6 4. Nc3 Bb4 5. e5 d5 6. exd6 Bxd6 7. Qe2+ Qe7 8.
d4 Bg4 9. Qxe7+ Kxe7 10. Nb5 Re8 11. Nxd6 Kxd6+ 12. Kf1 g5 13. h4 Ne4 14. Rh2
Ng3+ 15. Kf2 Ne4+ 16. Kf1 Ng3+ 17. Kf2 Ne4+ 18. Kf1 Ng3+ 1/2-1/2

[Event "Litomysl 2007"]
[Site "?"]
[Date "2007.12.31"]
[Round "8.44"]
[White "Wach, Thomas"]
[Black "Janocko, Petr"]
[Result "0-1"]
[WhiteElo "1797"]
[BlackElo "2073"]
[PlyCount "50"]
[EventDate "2007.12.26"]

1. e4 c6 2. d4 d5 3. e5 Bf5 4. Nf3 e6 5. Bd3 Bxd3 6. Qxd3 Qc7 7. Be3 Ne7 8.
Nbd2 Nf5 9. a3 Nd7 10. O-O Be7 11. c4 O-O 12. cxd5 cxd5 13. Rac1 Qb6 14. b4
Rac8 15. Nb3 Nxe3 16. fxe3 f6 17. Nc5 Nxc5 18. dxc5 Qc7 19. Nd4 Qxe5 20. Rf3 f5
21. Rg3 Bf6 22. Nf3 Qe4 23. Qe2 f4 24. Ng5 Bxg5 25. Rxg5 fxe3 0-1

[Event "Litomysl 2007"]
[Site "?"]
[Date "2008.01.01"]
[Round "9.1"]
[White "Kanovsky, David"]
[Black "Petr, Martin"]
[Result "1/2-1/2"]
[WhiteElo "2396"]
[BlackElo "2440"]
[PlyCount "79"]
[EventDate "2007.12.26"]

1. e4 e6 2. d3 d5 3. Nd2 Nf6 4. Ngf3 Nc6 5. g3 Bc5 6. Bg2 dxe4 7. dxe4 e5 8.
O-O Bg4 9. c3 Qd3 10. h3 Bh5 11. Re1 a5 12. Bf1 Qd7 13. Qc2 O-O 14. Nh4 Ne8 15.
Nc4 Nd6 16. Be3 Bxe3 17. Nxe3 f6 18. Nhf5 Nxf5 19. exf5 Bf3 20. Bg2 Bxg2 21.
Kxg2 Ne7 22. Qe4 Rfd8 23. Rad1 Qc6 24. Qxc6 Nxc6 25. a4 Kf7 26. Kf3 Rac8 27.
Ke4 Nb8 28. Rxd8 Rxd8 29. Rd1 Rxd1 30. Nxd1 Ke7 31. Kd5 Nd7 32. Kc4 Kd6 33. b4
Nb6+ 34. Kb3 axb4 35. cxb4 Nd5 36. Kc4 Nb6+ 37. Kb3 e4 38. a5 Nd5 39. Kc4 c6
40. Ne3 1/2-1/2

[Event "Litomysl 2007"]
[Site "?"]
[Date "2008.01.01"]
[Round "9.3"]
[White "Spirin, Oleg"]
[Black "Swicarz, Maciej"]
[Result "1-0"]
[WhiteElo "2404"]
[BlackElo "2265"]
[PlyCount "59"]
[EventDate "2007.12.26"]

1. d4 d5 2. c4 dxc4 3. Nf3 Nf6 4. e3 e6 5. Bxc4 c5 6. O-O a6 7. Bb3 Nc6 8. Nc3
cxd4 9. exd4 Nb4 10. Bg5 Be7 11. a3 Nbd5 12. Re1 b5 13. Bxf6 gxf6 14. Nxd5 exd5
15. Nd2 Qd6 16. Qh5 Bb7 17. Nf1 Rg8 18. Ng3 Rg5 19. Qxh7 Qf4 20. Re3 Bc8 21.
Qh8+ Kd7 22. Rae1 Bd6 23. Qe8+ Kc7 24. Rc3+ Kb7 25. Qxf7+ Kb6 26. Bxd5 Rb8 27.
Rc6+ Ka5 28. b4+ Ka4 29. Ba2 Kxa3 30. Qb3# 1-0

[Event "Litomysl 2007"]
[Site "?"]
[Date "2008.01.01"]
[Round "9.4"]
[White "Mudrak, Josef"]
[Black "Zeberski, Jakub"]
[Result "1/2-1/2"]
[WhiteElo "2324"]
[BlackElo "2411"]
[PlyCount "75"]
[EventDate "2007.12.26"]

1. Nf3 d5 2. g3 c6 3. d4 Nf6 4. Bg2 Bg4 5. h3 Bh5 6. c4 e6 7. O-O Nbd7 8. cxd5
exd5 9. Nc3 Bd6 10. Re1 O-O 11. Nh4 Re8 12. g4 Bg6 13. Nxg6 hxg6 14. Bg5 Nf8
15. e4 dxe4 16. Nxe4 Be7 17. Nxf6+ Bxf6 18. Rxe8 Qxe8 19. Bxf6 gxf6 20. d5 Rd8
21. Qb3 cxd5 22. Bxd5 b6 23. Rd1 Rd7 24. Bc4 Rxd1+ 25. Qxd1 g5 26. Qf3 Qe1+ 27.
Bf1 Qe7 28. Bd3 Kg7 29. Bf5 a5 30. Qc6 Qb4 31. Qc2 Qd4 32. a4 Qf4 33. b3 Qf3
34. Qd3 Qf4 35. Kf1 Qe5 36. Qe3 Qd6 37. Ke2 Ne6 38. Bxe6 1/2-1/2

[Event "Litomysl 2007"]
[Site "?"]
[Date "2008.01.01"]
[Round "9.5"]
[White "Jasik, Krzysztof"]
[Black "Cerveny, Petr"]
[Result "0-1"]
[WhiteElo "2310"]
[BlackElo "2395"]
[PlyCount "64"]
[EventDate "2007.12.26"]

1. e4 c5 2. Nc3 a6 3. g3 b5 4. Bg2 Bb7 5. Nge2 e6 6. O-O b4 7. Na4 Nf6 8. d4
Bxe4 9. f3 Bg6 10. Nxc5 d6 11. Nd3 d5 12. Nef4 Nbd7 13. Be3 Bd6 14. Qd2 a5 15.
Nxg6 hxg6 16. Rfc1 O-O 17. c3 Qb6 18. b3 bxc3 19. Rxc3 e5 20. Nc5 exd4 21. Nxd7
dxe3 22. Nxb6 exd2 23. Nxa8 Be5 24. Rd3 Bxa1 25. Nb6 Bc3 26. Bf1 Re8 27. Kf2
Re1 28. Be2 Bb4 29. Nxd5 Bc5+ 30. Ne3 d1=Q 31. Bxd1 Rxe3 32. Rxe3 Nd5 0-1

[Event "Litomysl 2007"]
[Site "?"]
[Date "2008.01.01"]
[Round "9.7"]
[White "Hoffmann, Paul"]
[Black "Simacek, Pavel"]
[Result "1/2-1/2"]
[WhiteElo "2302"]
[BlackElo "2472"]
[PlyCount "159"]
[EventDate "2007.12.26"]

1. e4 e5 2. Nf3 Nc6 3. Nc3 Nf6 4. Bb5 Bb4 5. O-O O-O 6. Nd5 Nxd5 7. exd5 Ne7 8.
Nxe5 Nxd5 9. d4 d6 10. Nf3 Ne7 11. c3 Ba5 12. Re1 d5 13. Bd3 Bf5 14. Bxf5 Nxf5
15. Qd3 g6 16. Ng5 Qd7 17. Bd2 Rae8 18. Nf3 f6 19. Bf4 c6 20. h3 b5 21. Rxe8
Rxe8 22. a4 bxa4 23. Rxa4 Bb6 24. Ra1 Re4 25. Bh2 Qe8 26. Kf1 Kg7 27. Re1 Qe7
28. Re2 c5 29. dxc5 Qxc5 30. Rd2 h5 31. Qxd5 Qxf2+ 32. Rxf2 Ne3+ 33. Ke2 Nxd5+
34. Kd3 Re3+ 35. Kc4 Re7 36. Rd2 Ne3+ 37. Kb5 Nf1 38. Rc2 g5 39. Bd6 Re6 40.
Bb8 Re8 41. Bd6 Re6 42. Bb8 a6+ 43. Ka4 Re8 44. Bd6 Re6 45. Bb8 Re8 46. Bd6 Ne3
47. Re2 Re4+ 48. b4 Nd5 49. Rc2 Re2 50. Kb3 Re6 51. Bc5 Bxc5 52. bxc5 Kf7 53.
Nd4 Re8 54. Ra2 Re3 55. Kc4 Nxc3 56. Rxa6 Ne4 57. c6 Nd2+ 58. Kb4 Rd3 59. c7
Rxd4+ 60. Kb5 Rd5+ 61. Kc6 Rd4 62. c8=Q Rc4+ 63. Kd7 Rxc8 64. Kxc8 Nc4 65. Kd7
Ne3 66. g3 Nf5 67. Ra3 h4 68. g4 Nd4 69. Re3 f5 70. gxf5 Kf6 71. Re4 Nf3 72.
Kd6 Kxf5 73. Rg4 Ne1 74. Rd4 Ng2 75. Rd5+ Kf6 76. Ra5 Nf4 77. Ra3 Kf5 78. Ra5+
Kg6 79. Ra3 Kf5 80. Ra5+ 1/2-1/2

[Event "Litomysl 2007"]
[Site "?"]
[Date "2008.01.01"]
[Round "9.9"]
[White "Zawadzka, Jolanta"]
[Black "Klima, Lukas"]
[Result "1/2-1/2"]
[WhiteElo "2371"]
[BlackElo "2422"]
[PlyCount "42"]
[EventDate "2007.12.26"]

1. e4 c5 2. Nf3 Nc6 3. d4 cxd4 4. Nxd4 Nf6 5. Nc3 e5 6. Ndb5 d6 7. Na3 a6 8.
Nc4 b5 9. Ne3 Be7 10. Ned5 O-O 11. Be2 Be6 12. O-O Nd4 13. a4 Bxd5 14. Nxd5
Nxd5 15. exd5 b4 16. Bd3 Qa5 17. Bd2 Qxd5 18. Bxb4 e4 19. c4 Qb7 20. Bc3 exd3
21. Bxd4 Qe4 1/2-1/2

[Event "Litomysl 2007"]
[Site "?"]
[Date "2008.01.01"]
[Round "9.10"]
[White "Krejci, Jan"]
[Black "Korpalski, Robert"]
[Result "1-0"]
[WhiteElo "2397"]
[BlackElo "2131"]
[PlyCount "65"]
[EventDate "2007.12.26"]

1. e4 Nc6 2. Nf3 d6 3. d4 Nf6 4. Nc3 g6 5. Be2 Bg7 6. O-O O-O 7. h3 e5 8. Be3
exd4 9. Nxd4 Nxd4 10. Bxd4 Re8 11. Bd3 Bd7 12. Re1 Nh5 13. Bxg7 Kxg7 14. Qd2
Qh4 15. Nd5 Rac8 16. Bf1 c6 17. g3 Nxg3 18. Qc3+ Re5 19. fxg3 Qh6 20. Nf4 Kg8
21. Qf3 g5 22. Nd3 Re7 23. g4 Rce8 24. Bg2 Qg7 25. Qf2 c5 26. e5 c4 27. exd6
Rxe1+ 28. Nxe1 Qxb2 29. Rd1 Qxa2 30. Bd5 Be6 31. Bxe6 fxe6 32. d7 Rd8 33. Qc5
1-0

[Event "Litomysl 2007"]
[Site "?"]
[Date "2008.01.01"]
[Round "9.11"]
[White "Plat, Vojtech"]
[Black "Schuetze, Norman"]
[Result "1/2-1/2"]
[WhiteElo "2296"]
[BlackElo "2324"]
[PlyCount "119"]
[EventDate "2007.12.26"]

1. e4 c5 2. Nf3 d6 3. d4 cxd4 4. Nxd4 Nf6 5. Nc3 a6 6. Be2 e6 7. O-O Nbd7 8. f4
b5 9. Bf3 Bb7 10. Qe2 Qc7 11. e5 b4 12. Ncb5 axb5 13. Nxb5 Qb8 14. Bxb7 Qxb7
15. exf6 Nxf6 16. f5 Ra5 17. c4 bxc3 18. Nxc3 Re5 19. Qc2 Be7 20. fxe6 fxe6 21.
Bf4 Rf5 22. Qe2 e5 23. Be3 Rxf1+ 24. Rxf1 d5 25. Bg5 e4 26. Bxf6 Bxf6 27. Qh5+
g6 28. Qxd5 Qxd5 29. Nxd5 Bxb2 30. Re1 Kf7 31. Rxe4 Rd8 32. Ne3 Bd4 33. Kf2
Bxe3+ 34. Kxe3 Rd1 35. a4 Ra1 36. h4 Kf6 37. Rb4 g5 38. hxg5+ Kxg5 39. g4 Ra3+
40. Kd2 Rg3 41. Rd4 h5 42. gxh5 Kxh5 43. Kc2 Kg5 44. Rb4 Kf5 45. a5 Ra3 46.
Rb5+ Ke6 47. Kb2 Ra4 48. Kb3 Ra1 49. Kc4 Kd6 50. Rb6+ Kc7 51. Kb5 Ra2 52. Ka6
Ra1 53. Rb5 Kc6 54. Rb2 Kc7 55. Rh2 Kb8 56. Rh8+ Kc7 57. Rh5 Kb8 58. Kb6 Rb1+
59. Rb5 Rxb5+ 60. Kxb5 1/2-1/2